Mid-term and Strategic Review of the National Strategy for food Security and Nutrition 2014-2018. (Record no. 22128)

000 -LEADER
fixed length control field 00319nam a22001097a 4500
040 ## - CATALOGING SOURCE
Transcribing agency RUA
082 ## - DEWEY DECIMAL CLASSIFICATION NUMBER
Classification number MST DEC 2017 C011 Or.
245 ## - TITLE STATEMENT
Title Mid-term and Strategic Review of the National Strategy for food Security and Nutrition 2014-2018.
260 ## - PUBLICATION, DISTRIBUTION, ETC. (IMPRINT)
Place of publication phnom penh
Name of publisher rua
Year of publication 2017
300 ## - PHYSICAL DESCRIPTION
Number of Pages 53p.
Other physical details ill.
Dimensions 29cm.
942 ## - ADDED ENTRY ELEMENTS (KOHA)
Koha item type ឯកសារស្រាវជ្រាវ
952 ## - LOCATION AND ITEM INFORMATION (KOHA)
Withdrawn status [LOCAL, KOHA] 0
952 ## - LOCATION AND ITEM INFORMATION (KOHA)
Withdrawn status [LOCAL, KOHA] 0
952 ## - LOCATION AND ITEM INFORMATION (KOHA)
Withdrawn status [LOCAL, KOHA] 0
952 ## - LOCATION AND ITEM INFORMATION (KOHA)
Withdrawn status [LOCAL, KOHA] 0
952 ## - LOCATION AND ITEM INFORMATION (KOHA)
Withdrawn status [LOCAL, KOHA] 0
952 ## - LOCATION AND ITEM INFORMATION (KOHA)
Withdrawn status [LOCAL, KOHA] 0
952 ## - LOCATION AND ITEM INFORMATION (KOHA)
Withdrawn status [LOCAL, KOHA] 0
952 ## - LOCATION AND ITEM INFORMATION (KOHA)
Withdrawn status [LOCAL, KOHA] 0
Holdings
Koha item type Shelving location Lost status Permanent Location Current Location Date acquired Full call number
ឯកសារស្រាវជ្រាវC011 Library Block CLibrary Block C2023-11-07MST DEC 2017 C011 Or.
ឯកសារស្រាវជ្រាវC011 Library Block CLibrary Block C2023-11-07MST DEC 2017 C011 Or.
ឯកសារស្រាវជ្រាវC011 Library Block CLibrary Block C2023-11-07MST DEC 2017 C011 Or.
ឯកសារស្រាវជ្រាវC011 Library Block CLibrary Block C2023-11-07MST DEC 2017 C011 Or.
ឯកសារស្រាវជ្រាវC011 Library Block CLibrary Block C2023-11-07MST DEC 2017 C011 Or.
ឯកសារស្រាវជ្រាវC011 Library Block CLibrary Block C2023-11-07MST DEC 2017 C011 Or.
ឯកសារស្រាវជ្រាវC011 Library Block CLibrary Block C2023-11-07MST DEC 2017 C011 Or.
ឯកសារស្រាវជ្រាវC011 Library Block CLibrary Block C2023-11-07MST DEC 2017 C011 Or.
មជ្ឈមណ្ឌលឯការនៃសាកលវិទ្យាល័យភូមិន្ទកសិកម្មចំការដូង

Powered by Koha